Exaltación de la divina misericordia en la milagrosa renovación de la soberana imagen de Christo señor nuestro crucificado

Detalles Bibliográficos
Autor principal: VELASCO, Alfonso Alberto de (Fray)
Formato: Libro
Publicado: México 1820
Materias:
Colección:Banco de datos
Acervo:Biblioteca Nacional de Antropología e Historia. Fondo Conventual
Tema general:Homilética
Notas:Regular. XVIII,1,20.
LEADER 00752nam a22001930004500
035 |a 13012 
036 |a 558 
100 1 |a VELASCO, Alfonso Alberto de (Fray) 
245 1 0 |a Exaltación de la divina misericordia en la milagrosa renovación de la soberana imagen de Christo señor nuestro crucificado 
260 |a México  |b Alejandro Valdéz  |c 1820 
500 |a Regular. XVIII,1,20. 
650 1 0 |a Homilética 
949 |a B.N.A.H. 
959 |a Biblioteca Nacional de Antropología e Historia. Ciudad de México  |b CCC1 
960 |a Colección General de B.N.A.H. de la ciudad de México  |b DD58 
961 |a Varias Ordenes Religiosas  |b VO 
942 |c B.N.A.H. 
943 |g Biblioteca Nacional de Antropología e Historia. Fondo Conventual 
999 |c 1037544  |d 1037544